[Event "Thessaloniki Triandria op 5th"]
[Site "Thessaloniki"]
[Date "2012.04.17"]
[Round "1"]
[White "Engel, Larry"]
[Black "Peskelidis, Stavros"]
[Result "1-0"]
[WhiteElo "1635"]
[BlackElo "1396"]
[PlyCount "80"]
[EventDate "2012.04.17"]
[EventType "swiss"]
[EventRounds "7"]
[EventCountry "GRE"]
[SourceTitle "EXT 2014"]
[Source "ChessBase"]
[SourceDate "2013.11.20"]
[SourceVersion "1"]
[SourceVersionDate "2013.11.20"]
[SourceQuality "1"]

1. e4 c5 2. d4 e6 3. d5 Be7 4. c4 d6 5. Nc3 Nf6 6. Bd3 Nbd7 7. f4 exd5 8. cxd5 0-0 9. Nf3 a6 10. a4 Qc7 11. Qe2 Re8 12. 0-0 Bf8 13. h3 Nb6 14. Be3 Bd7 15. a5 Nc8 16. e5 Nh5 17. Bxh7+ Kh8 18. Bd3 Ng3 19. Qf2 Bf5 20. Qxg3 Bxd3 21. Qh4+ Kg8 22. Rad1 Be7 23. Qg4 Bxf1 24. Rxf1 Rd8 25. Ne4 Qd7 26. e6 fxe6 27. dxe6 Qe8 28. f5 Qf8 29. Nfg5 Bxg5 30. Nxg5 Qf6 31. Qh5 Ne7 32. Qh7+ Kf8 33. Qh8+ Ng8 34. Nh7+ Ke7 35. Nxf6 Kxf6 36. Qh4+ Ke5 37. Qg3+ Kd5 38. Bg5 Nf6 39. Re1 Kd4 40. Bxf6+ gxf6 1-0